University success : reading and writing : beginning / (Record no. 831)

MARC details
000 -LEADER
fixed length control field 01166nam a22002297a 4500
005 - DATE AND TIME OF LATEST TRANSACTION
control field 20250224105856.0
008 - FIXED-LENGTH DATA ELEMENTS--GENERAL INFORMATION
fixed length control field 230427b ||||| |||| 00| 0 eng d
020 ## - INTERNATIONAL STANDARD BOOK NUMBER
International Standard Book Number 9780135245927
040 ## - CATALOGING SOURCE
Transcribing agency KCST
082 ## - DEWEY DECIMAL CLASSIFICATION NUMBER
Classification number 428.24
Item number Mc Un
100 ## - MAIN ENTRY--PERSONAL NAME
Personal name McLaughlin, Tim
9 (RLIN) 5743
245 ## - TITLE STATEMENT
Title University success : reading and writing : beginning /
Statement of responsibility, etc. Tim McLaughlin
260 ## - PUBLICATION, DISTRIBUTION, ETC.
Place of publication, distribution, etc. Hoboken;
Name of publisher, distributor, etc. Pearson;
Date of publication, distribution, etc. 2020.
300 ## - PHYSICAL DESCRIPTION
Extent 203 p.
505 ## - FORMATTED CONTENTS NOTE
Formatted contents note Welcome to University Success Key Features Scope and Sequence Acknowledgments UNIT 1 STRUCTURAL SCIENCE: ARCHITECTURE Chapter 1 Designing Unusual Places Chapter 2 Something New Under the Sun UNIT 2 NATURAL SCIENCE: GENETICS Chapter 3 All in the Family Chapter 4 Sweet or Spicy? UNIT 3 BUSINESS: BUSINESS AND TECHNOLOGY Chapter 5 Mobile-First Design Chapter 6 Step by Step UNIT 4 HUMANITIES: PSYCHOLOGY Chapter 7 Get into the Routine Chapter 8 The Stories We Dream Index Credits<br/>
521 ## - TARGET AUDIENCE NOTE
Target audience note Public level: CEFR A1-A2, Global Scale of English (GSE): 22-32.
650 ## - SUBJECT ADDED ENTRY--TOPICAL TERM
Topical term or geographic name entry element English (language)
9 (RLIN) 2090
650 ## - SUBJECT ADDED ENTRY--TOPICAL TERM
Topical term or geographic name entry element Written language
9 (RLIN) 5744
650 ## - SUBJECT ADDED ENTRY--TOPICAL TERM
Topical term or geographic name entry element Study and Teaching
9 (RLIN) 5745
650 ## - SUBJECT ADDED ENTRY--TOPICAL TERM
Topical term or geographic name entry element English Speakers
9 (RLIN) 5746
942 ## - ADDED ENTRY ELEMENTS (KOHA)
Source of classification or shelving scheme Dewey Decimal Classification
Koha item type Course Textbook
Holdings
Withdrawn status Lost status Source of classification or shelving scheme Damaged status Not for loan Home library Current library Date acquired Cost, normal purchase price Total checkouts Full call number Barcode Date last seen Price effective from Koha item type Source of acquisition
    Dewey Decimal Classification     KCST Library KCST Library 27/04/2023 0.00   428.24 Mc Un 1000000780 27/04/2023 27/04/2023 Course Textbook  
    Dewey Decimal Classification     KCST Library KCST Library 27/04/2023 0.00   428.24 Mc Un 1000000778 27/04/2023 27/04/2023 Course Textbook  
    Dewey Decimal Classification     KCST Library KCST Library 27/04/2023 0.00   428.24 Mc Un 1000000779 27/04/2023 27/04/2023 Course Textbook  
    Dewey Decimal Classification     KCST Library KCST Library 05/11/2023 20.25   428.24 Mc Un 1000001466 13/11/2023 13/11/2023 Course Textbook Procured - KCST-INV012
    Dewey Decimal Classification     KCST Library KCST Library 05/11/2023 20.25   428.24 Mc Un 1000001467 13/11/2023 13/11/2023 Course Textbook Procured - KCST-INV012
    Dewey Decimal Classification     KCST Library KCST Library 05/11/2023 20.25   428.24 Mc Un 1000001468 13/11/2023 13/11/2023 Course Textbook Procured - KCST-INV012
    Dewey Decimal Classification     KCST Library KCST Library 05/11/2023 20.25   428.24 Mc Un 1000001469 13/11/2023 13/11/2023 Course Textbook Procured - KCST-INV012
    Dewey Decimal Classification     KCST Library KCST Library 05/11/2023 20.25   428.24 Mc Un 1000001470 13/11/2023 13/11/2023 Course Textbook Procured - KCST-INV012
    Dewey Decimal Classification     KCST Library KCST Library 05/11/2023 20.25   428.24 Mc Un 1000001471 13/11/2023 13/11/2023 Course Textbook Procured - KCST-INV012
    Dewey Decimal Classification     KCST Library KCST Library 05/11/2023 20.25   428.24 Mc Un 1000001472 13/11/2023 13/11/2023 Course Textbook Procured - KCST-INV012
    Dewey Decimal Classification     KCST Library KCST Library 05/11/2023 20.25   428.24 Mc Un 1000001473 13/11/2023 13/11/2023 Course Textbook Procured - KCST-INV012
© 2025 KCST. All rights reserved